[Event "11th Chennai Open-GM 2019"]
[Site "Chennai"]
[Date "2019.01.23"]
[Round "8"]
[White "Sahoo, Utkal Ranjan"]
[Black "Senthil Maran K"]
[Result "1-0"]
[WhiteElo "2388"]
[BlackElo "2183"]
[Annotator "NA"]
[PlyCount "127"]
[EventDate "2019.01.18"]
[EventType "swiss"]
[EventCountry "IND"]
[SourceTitle "playchess.com"]
[Source "ChessBase"]
[SourceQuality "1"]
[TimeControl "5400+30"]

1. d4 d5 2. c4 e6 3. Nc3 c6 4. cxd5 exd5 5. Nf3 Bd6 {LiveBook: 123 Games} 6. Bg5 Ne7 7. e3 Bf5 8. a3 {[%emt 0:14:18] D31: Queen's Gambit Declined: Semi-Slav without ...Nf6 (+ Marshall Gambit and Noteboom) and Exchange Variation lines without ...Nf6} (8. Bd3 Bxd3 9. Qxd3 Nd7 10. O-O f6 11. Bh4 Ng6 12. Bg3 Bxg3 13. hxg3 {½-½ (13) Hulak,K (2557)-Pavasovic,D (2586) Celje 2003}) 8... O-O {[%emt 0:17:43]} 9. Nh4 $146 {[%emt 0:00:30]} ({Predecessor:} 9. Bh4 Nd7 10. Bd3 Bxd3 11. Qxd3 a5 12. O-O Re8 13. b3 Nb6 {0-1 (31) Yee,L (2185)-O'Donnell,T (2357) Sackville 2001}) 9... f6 {[%emt 0:00:30]} 10. Bf4 {[%emt 0:00:30]} Bxf4 {[%emt 0:00:30]} 11. exf4 {[%emt 0:00:30]} Qd6 {[%emt 0:00:30]} 12. Qd2 {[%emt 0:00:30]} Nd7 {[%emt 0:00:30]} 13. Be2 {[%emt 0:00:30]} Be4 {[%emt 0:00:30]} 14. O-O {[%emt 0:00:30]} Rae8 {[%emt 0:00:30]} 15. Rfe1 {[%emt 0:00:30]} Ng6 {[%emt 0:00:30]} 16. Bh5 {[%emt 0:00:30]} Nxh4 {[%emt 0:00:30]} 17. Bxe8 {[%emt 0:00:30]} Rxe8 {[%emt 0:00:30]} 18. f3 {[%emt 0:00:30]} f5 {[%emt 0:00:30]} 19. fxe4 {[%emt 0:00:30]} fxe4 {[%emt 0:00:30]} 20. Rf1 $17 {[%emt 0:00:30]} ({Better is} 20. Ne2 $15) 20... Qh6 {[%emt 0:00:30]} (20... Nf5 $17) 21. Nd1 {[%emt 0:00:30]} Re6 {[%emt 0:00:30]} 22. Ne3 {[%emt 0:00:30]} Rg6 {[%emt 0:00:30]} 23. Kh1 {[%emt 0:00:30]} Nf6 {[%emt 0:00:30]} 24. Qa5 {[%emt 1:11:36]} Kh8 {[%emt 1:11:58]} 25. Qd8+ {[%emt 0:00:30]} Ng8 {[%emt 0:00:30]} 26. Qc8 {[%emt 0:00:30]} Rd6 {[%emt 0:00:30]} 27. Qxb7 {[%emt 0:00:30]} Qh5 {[%emt 0:00:30]} 28. Qc8 {[%emt 0:00:30]} Qe2 {[%emt 0:00:30]} 29. Rae1 {[%emt 0:00:30]} Qd2 {[%emt 0:00:30]} 30. Qg4 {[%emt 0:00:30]} Rh6 {[%emt 0:00:30]} 31. Re2 {[%emt 0:00:30]} Qxd4 {[%emt 0:00:30]} 32. g3 {[%emt 0:00:30]} Nf3 {[%emt 0:00:30]} 33. Nf5 {[%emt 0:00:30]} Qf6 {[%emt 0:00:30]} 34. Nxh6 {[%emt 0:00:30]} Qxh6 {[%emt 0:00:30]} 35. Rxf3 {[%emt 0:00:30]} exf3 {[%emt 0:00:30]} 36. Qxf3 {[%emt 0:00:30]} Qg6 {[%emt 0:00:30]} 37. f5 {[%emt 0:00:30]} Qf6 {[%emt 0:00:30]} 38. Kg2 {[%emt 0:00:30]} h6 {[%emt 0:00:30]} 39. g4 {[%emt 0:00:30]} Qd4 {[%emt 0:00:30]} 40. h3 {[%emt 0:00:30]} Nf6 {[%emt 0:00:30]} 41. Qc3 {[%emt 0:00:30]} Qf4 {[%emt 0:00:30]} 42. Qe3 {[%emt 0:00:30]} Qc4 {[%emt 0:00:30]} 43. b3 {[%emt 0:00:30]} Qa6 {[%emt 0:00:30]} 44. a4 {[%emt 0:00:30]} Ne4 {[%emt 0:00:30]} 45. Rc2 {[%emt 0:00:30]} Qb7 {[%emt 0:00:30]} 46. h4 {[%emt 0:00:30]} Qd7 {[%emt 0:00:30]} 47. Qf4 {[%emt 0:00:30]} Qb7 {[%emt 0:00:30]} 48. Qf3 {[%emt 0:00:30]} Qe7 {[%emt 0:00:30]} 49. Rxc6 {[%emt 0:00:30]} Qxh4 {[%emt 0:00:30]} 50. Rc8+ {[%emt 0:07:47]} Kh7 {[%emt 0:02:45]} 51. f6 {[%emt 0:00:30]} Qxf6 {[%emt 0:00:30]} 52. Qxf6 {[%emt 0:00:30]} Nxf6 {[%emt 0:00:30]} 53. Kf3 {[%emt 0:00:30]} Ne4 {[%emt 0:00:30]} 54. Ke3 {[%emt 0:00:30]} Kg6 {[%emt 0:00:30]} 55. Rc7 {[%emt 0:00:30]} a5 {[%emt 0:00:30]} 56. Ra7 {[%emt 0:00:30]} Nc5 {[%emt 0:00:30]} 57. Rxa5 {[%emt 0:00:30]} d4+ {[%emt 0:00:30]} 58. Ke2 {[%emt 0:00:30]} d3+ {[%emt 0:00:30]} 59. Kd1 {[%emt 0:00:30]} Nxb3 {[%emt 0:00:30]} 60. Rf5 {[%emt 0:00:30]} Nd4 {[%emt 0:00:30]} 61. a5 {[%emt 0:00:30]} Nc6 {[%emt 0:00:30]} 62. a6 {[%emt 0:00:30]} Na7 {[%emt 0:00:30]} 63. Kd2 {[%emt 0:00:30]} Nc6 {[%emt 0:00:30]} 64. Rc5 {[%emt 0:00:30]} 1-0

[Event "11th Chennai Open-GM 2019"]
[Site "Chennai"]
[Date "2019.01.23"]
[Round "8"]
[White "Ameir, Moheb"]
[Black "Deepan Chakkravarthy J."]
[Result "1-0"]
[WhiteElo "2309"]
[BlackElo "2543"]
[Annotator "TA"]
[PlyCount "83"]
[EventDate "2019.01.18"]
[EventType "swiss"]
[EventCountry "IND"]
[SourceTitle "playchess.com"]
[Source "ChessBase"]
[SourceQuality "1"]

{[%evp 18,83,18,11,62,52,70,71,70,58,71,52,44,45,63,24,30,29,34,41,52,45,50,17,60,57,130,137,149,133,157,131,141,149,145,126,133,139,147,149,285,127,614,612,623,620,594,537,531,374,370,370,361,351,420,308,296,292,286,284,234,226,673,648,615,535,553,548]} 1. e4 c5 2. Nf3 d6 3. Bb5+ Nd7 4. O-O a6 5. Bd3 (5. Bxd7+ Bxd7 6. d4 cxd4 7. Qxd4 e5 8. Qd3 h6 9. a4 Nf6 10. a5 Be7 11. c4 b5 12. axb6 Qxb6 13. Nc3 O-O 14. Be3 Qb7 15. h3 Rfc8 16. Nd2 Be6 17. Rfb1 a5 18. b3 Ra6 19. Ra2 Bd7 20. Rba1 {½-½ (20) Wang,H (2730)-Nepomniachtchi,I (2763) St Petersburg 2018}) 5... Ngf6 6. Re1 {B51: Sicilian: Moscow Variation (3 Bb5+) without 3...Bd7} g6 7. c3 Bg7 8. Bc2 O-O 9. d4 e5 10. a4 {LiveBook: 8 Games} Re8 (10... exd4 $11 11. cxd4 cxd4) 11. d5 $14 b6 12. h3 $146 ({Predecessor:} 12. Na3 h6 {1-0 (27) Barski,R (2432)-Cruz Pino,A (2148) Las Palmas 2018}) 12... Rb8 13. Na3 b5 14. axb5 axb5 15. b3 Nh5 16. c4 bxc4 17. bxc4 Nb6 18. Bd3 Ra8 19. Bg5 f6 20. Be3 Nf4 21. Bf1 f5 {[#]} ({Black should try} 21... Bd7 $14) 22. Nb5 $1 $16 Rxa1 23. Qxa1 fxe4 24. Nd2 Bf5 25. Qa5 Bh6 26. Nc3 Nd3 27. Bxh6 Nxe1 28. Ndxe4 $40 {[%mdl 128] White attacks with force.} Kh8 (28... Bxe4 $16 29. Nxe4 Nc2) 29. Ng5 ({Don't take} 29. Qa7 $6 Re7 $16) (29. Bg5 $18 {and White stays clearly on top.} Qb8 30. Qa2) 29... Qb8 $2 {[%mdl 8192]} (29... Kg8 $16) 30. Nb5 $18 Nc2 {[#]} 31. Nxd6 $1 {[%mdl 512]} Re7 (31... Qxd6 32. Nf7+) 32. Qxc5 Qc7 {[#]} 33. Ngf7+ $1 {[%mdl 512]} Kg8 (33... Rxf7 34. Nxf7+) 34. Qxc7 Rxc7 35. Nxe5 Nd7 36. Ne8 Ra7 37. Nc6 Ra1 38. Nd6 {White threatens Ne7+ and mate.} Re1 39. Kh2 {Threatens to win with g4.} Ne5 $2 (39... Nc5 40. f3 Bd3) 40. Nxe5 {White is clearly winning.} Rxe5 41. c5 Nb4 42. Bc4 {Precision: White = 72%, Black = 36%.} 1-0

[Event "11th Chennai Open-GM 2019"]
[Site "Chennai"]
[Date "2019.01.23"]
[Round "8"]
[White "Deshmukh, Anup"]
[Black "Khusenkhojaev, Muhammad"]
[Result "0-1"]
[WhiteElo "2259"]
[BlackElo "2455"]
[Annotator "TA"]
[PlyCount "46"]
[EventDate "2019.01.18"]
[EventType "swiss"]
[EventCountry "IND"]
[SourceTitle "playchess.com"]
[Source "ChessBase"]
[SourceQuality "1"]

{[%evp 16,46,21,0,28,18,36,7,68,53,83,-37,-37,-38,-28,-164,-168,-161,-150,-220,-210,-446,-453,-442,-445,-5143,-5050,-5139,-5111,-29989,-29990,-29992,-557]} 1. c4 Nf6 2. Nc3 d5 3. cxd5 Nxd5 4. Nf3 g6 5. h4 Bg7 (5... Nxc3 6. bxc3 h6 7. e4 Bg7 8. d4 c5 9. Rb1 O-O 10. Be2 b6 11. Be3 Bb7 12. d5 e6 13. c4 {0-1 (46) Mareco,S (2649)-Ivanchuk,V (2710) Batumi 2018}) 6. h5 {A16: English Opening: 1...Nf6 with ...d5} Nxc3 7. bxc3 c5 8. e4 Nc6 9. Bc4 {LiveBook: 4 Games} e6 10. a4 $146 ({Predecessor:} 10. Ba3 Qa5 11. Qb3 a6 12. hxg6 hxg6 13. Rxh8+ Bxh8 {½-½ (39) Arnold,H-Berry,F ICCF corr 1976}) 10... b6 11. Bb5 Bd7 ({Better is} 11... Bb7 $1 $11) 12. d4 $14 cxd4 13. cxd4 (13. Bg5 $16 Bf6 14. Bxf6 (14. Nxd4 Bxg5 15. Nxc6 Qc7 $17) 14... Qxf6 15. cxd4 (15. Nxd4 a6 $11)) 13... Nxd4 $15 14. Nxd4 {Threatens to win with Bb2.} Bxb5 15. Bb2 {[#]} (15. axb5 $11 Bxd4 16. Ra4 Bc3+ 17. Ke2) 15... Ba6 $1 $19 16. f4 O-O 17. hxg6 (17. Kf2 $17) 17... fxg6 18. Qg4 $2 (18. Nxe6 Qxd1+ 19. Rxd1 Bxb2 20. Nxf8 Rxf8 21. g3) 18... Bxd4 19. Qxe6+ Rf7 20. Rxh7 (20. Rd1 $142 Qf6 21. Qxf6 Bxf6 22. Bxf6 Rxf6 23. g3) 20... Kxh7 21. Qxf7+ Kh6 {[#] ( -> ...Qh4+)} 22. Bxd4 Qxd4 23. Ra3 Qg1+ {Precision: White = 15%, Black = 47%.} 0-1

[Event "11th Chennai Open-GM 2019"]
[Site "Chennai"]
[Date "2019.01.23"]
[Round "8"]
[White "Sai Vishwesh.C"]
[Black "Laxman, R.R."]
[Result "0-1"]
[WhiteElo "2250"]
[BlackElo "2421"]
[Annotator "TA"]
[PlyCount "94"]
[EventDate "2019.01.18"]
[EventType "swiss"]
[EventCountry "IND"]
[SourceTitle "playchess.com"]
[Source "ChessBase"]
[SourceQuality "1"]

{[%evp 23,94,32,35,-36,-35,-61,57,50,49,50,62,63,71,-10,0,-4,-10,-56,-46,-351,-344,-366,-349,-388,-371,-375,-371,-368,-354,-366,-366,-360,-350,-370,-349,-407,-402,-379,-349,-343,-311,-316,-347,-384,-375,-339,-270,-243,-214,-328,-310,-318,-307,-407,-429,-508,-477,-544,-536,-532,-518,-485,-490,-746,-601,-2935,-2816,-2081,-1851,-1979,-1968,-29996,-29987]} 1. e4 e5 2. Nf3 Nc6 3. Bb5 {[%cal Bf1b5,Bb5a4,Ba4b3][%mdl 32]} a6 4. Ba4 Nf6 5. O-O Be7 6. Re1 b5 7. Bb3 O-O 8. c3 d6 9. h3 Nb8 10. d4 Nbd7 11. Nbd2 c5 12. Nf1 {C95: Closed Ruy Lopez: Breyer Variation with 10 d4} Re8 {LiveBook: 54 Games} 13. Ne3 (13. Ng3 $14) (13. Ng3 Bf8 14. Bc2 cxd4 15. cxd4 exd4 16. Bf4 Bb7 17. Nxd4 g6 18. Qd2 Nc5 19. Bg5 Bg7 {½-½ (37) Karjakin,S (2760)-Kovalev,V (2664) Batumi 2018}) 13... exd4 $146 ({Predecessor:} 13... Bb7 14. dxe5 dxe5 15. Nd5 c4 16. Bc2 Nxd5 17. exd5 Bd6 18. Bg5 f6 19. Be3 Bc5 {½-½ (38) Blazeka,D (2052)-Sekulic,I (1661) Topusko 2011}) 14. cxd4 {Black is slightly better.} c4 (14... Bb7 $1 $15) 15. Bc2 $14 Bb7 16. Nf5 Bf8 {[%cal Rf6e4]} 17. d5 Nc5 {[%cal Rf6e4]} 18. Bg5 ({Better is} 18. Qd4 $16) 18... h6 $36 {[%mdl 2048] Black has some pressure.} 19. Bh4 g6 {[%cal Bg7g6,Bg6f5][%mdl 32]} 20. Qd4 Ncd7 21. Qd2 $2 {[%mdl 8192]} ({White should try} 21. Ng3 $15) 21... gxf5 $19 22. Nd4 fxe4 23. Nf5 Re5 24. Qf4 Qe8 25. Bxf6 Nxf6 26. Nxh6+ Bxh6 27. Qxh6 Nh7 ({Not} 27... Bxd5 28. Qxf6 Qe6 29. Qf4 $15) (27... Rxd5 28. Re3 $16) 28. f4 Re7 29. Re3 {[#] Intending Rg3+ and mate.} Qf8 30. Qxd6 Rd8 31. Qb6 Bxd5 32. Qxa6 Rb7 {aiming for ...Ra8.} 33. Qa5 f5 34. Rg3+ Kh8 35. Rd1 Rd6 36. Kh2 (36. a4 {was called for.}) 36... Qd8 37. Qc3+ {[#]} Qf6 $1 38. Qa5 {intending Rxd5!} Nf8 {[%cal Bh7f8,Bf8e6,Be6f4][%mdl 32]} 39. Rg5 Ne6 40. Rh5+ Rh7 41. Rxh7+ Kxh7 42. Qa7+ Qg7 43. Qb8 (43. Qf2 $142) 43... Rd8 44. Qxb5 Nxf4 {[%csl Gf4][%cal Rg7g2]} 45. Rd2 Qe5 46. Qb6 e3 {( -> ...Ne2+)} 47. Qxd8 Ne6+ {Precision: White = 23%, Black = 71%.} 0-1

[Event "11th Chennai Open-GM 2019"]
[Site "Chennai"]
[Date "2019.01.23"]
[Round "8"]
[White "Bala Kannamma P"]
[Black "Czebe, Attila"]
[Result "0-1"]
[WhiteElo "2069"]
[BlackElo "2418"]
[Annotator "TA"]
[PlyCount "134"]
[EventDate "2019.01.18"]
[EventType "swiss"]
[EventCountry "IND"]
[SourceTitle "playchess.com"]
[Source "ChessBase"]
[SourceQuality "1"]

{[%evp 16,134,50,8,52,55,64,63,66,25,35,0,0,-15,-9,-22,-12,-33,-36,-43,-38,-31,-29,-29,-34,-84,-90,-91,-91,-85,-88,-89,-82,-60,-46,-56,-55,-57,-45,-45,-45,-45,-45,-52,-45,-45,-45,-45,-45,-45,-45,-45,-45,-45,-45,-45,0,-27,-25,-25,-25,-28,0,-27,-17,-26,-17,-17,-22,-29,-12,-45,-13,-45,-45,-45,-45,-45,-45,-68,0,-52,-52,-45,-45,-68,-74,-68,-68,-68,-68,-68,-68,-68,-68,-68,-68,-316,-323,-323,-341,-342,-256,-29975,-29976,-29976,-29977,-29977,-29978,-29978,-29979,-29979,-29980,-29980,-29981,-29981,-29981,-29983,-29984,-29984,-29985]} 1. e4 ({Predecessor:} 1. d4 c5 2. e4 cxd4 3. Nf3 {1-0 (24) Panesso,O (2030)-Riascos,G (1828) La Dorada 2016}) 1... c5 2. Nf3 Nc6 3. d4 cxd4 4. Nxd4 Qb6 ({Predecessor:} 4... Nf6 5. Nc3 Qb6 6. Nb3 e6 7. a3 a6 8. Be3 {1-0 (24) Panesso,O (2030)-Riascos,G (1828) La Dorada 2016}) 5. Nb3 e6 $146 (5... Nf6 6. Nc3 e6 7. a3 Qc7 {0-1 (43) Yu,K (2375)-Naiditsch,A (2698) Jiangmen 2018}) 6. Be3 Qc7 7. a3 Nf6 8. Nc3 a6 9. Be2 Bd6 {B33: Sicilian: Pelikan and Sveshnikov Variations} (9... b5 10. O-O Ne5 11. f4 Nc4 12. Bxc4 bxc4 13. e5 cxb3 14. exf6 Bb7 15. fxg7 Bxg7 16. cxb3 Bxc3 17. bxc3 Rg8 18. Ra2 Qxc3 {0-1 (43) Yu,K (2375)-Naiditsch,A (2698) Jiangmen 2018}) 10. Qd2 O-O ({Predecessor:} 10... Be5 11. f4 Bxc3 12. Qxc3 e5 13. Bf3 exf4 14. Bd4 Qd8 15. e5 Nxd4 16. Nxd4 Ng4 17. Nf5 Qg5 18. Nd6+ Ke7 19. O-O-O Nxe5 20. Rhe1 f6 21. Qc5 b6 22. Nxc8+ Kd8 23. Qxb6+ Kxc8 24. Qb7+ {1-0 (24) Panesso,O (2030)-Riascos,G (1828) La Dorada 2016}) 11. f4 Be7 {White is slightly better.} 12. e5 Ne8 13. Na4 b5 $1 {[%cal Rb5a4]} 14. Nb6 Rb8 15. Nxc8 Rxc8 16. Bd3 (16. Nc5 $5 {[%cal Rc5a6]}) 16... d6 17. exd6 Nxd6 18. O-O Nc4 19. Bxc4 bxc4 20. Nd4 Rfd8 {And now ...Nxd4 would win.} 21. c3 Bf6 22. Rad1 Nxd4 23. Bxd4 Bxd4+ 24. cxd4 c3 25. bxc3 Qxc3 26. Rf3 Qxd2 (26... Qc6 {looks sharper.} 27. f5 e5 28. Rd3 exd4 29. Qf2 Qc5) 27. Rxd2 $15 {[%mdl 4096] Endgame KRR-KRR} Rd5 28. Kf2 h5 29. Rb3 Rc1 30. g3 Ra1 31. h4 Kh7 32. Kf3 Kg6 33. Rdd3 Ra5 34. Ke4 Kf6 35. Rdc3 Kg6 36. Re3 Rd1 37. Red3 Rf1 (37... Rg1 {is more complex.} 38. Rdc3 Rf1 39. Rb6 Re1+ 40. Kf3 Rd1) 38. Rdc3 Ra1 39. Re3 Rd5 40. Red3 Ra2 41. Rdc3 Ra5 42. Rd3 Kf6 43. Rdc3 Ra4 44. Rd3 (44. f5 $5) 44... Ra1 45. Kf3 g6 46. Ke4 Ra2 47. Rdc3 Ra1 48. Rd3 $1 Re1+ 49. Kf3 Ra5 50. Re3 Rxe3+ 51. Rxe3 {KR-KR} Ra4 52. Ke4 Rc4 53. Rb3 Rc1 54. Re3 a5 {[%cal Ba6a5,Ba5a4][%mdl 32]} 55. Rd3 a4 56. d5 $2 (56. Re3 $15) 56... Rc4+ $1 $19 57. Ke3 exd5 58. Rxd5 Rc3+ 59. Rd3 $2 (59. Ke4 $19 Rxa3 60. Rg5) 59... Rxd3+ $1 {Black mates.} 60. Kxd3 {KP-KP} Kf5 61. Ke3 Kg4 62. Kf2 Kh3 $1 63. Kf3 f5 64. Kf2 {[#]} Kh2 $1 65. Kf3 {[#]} Kg1 $1 {[%cal Rg1f1]} 66. g4 hxg4+ 67. Kg3 Kh1 {Accuracy: White = 59%, Black = 75%.} 0-1

[Event "11th Chennai Open-GM 2019"]
[Site "Chennai"]
[Date "2019.01.23"]
[Round "8"]
[White "Siddarth, M."]
[Black "Deviatkin, Andrei"]
[Result "0-1"]
[WhiteElo "2040"]
[BlackElo "2461"]
[Annotator "ChessBase"]
[PlyCount "138"]
[EventDate "2019.01.18"]
[EventType "swiss"]
[EventCountry "IND"]
[SourceTitle "playchess.com"]
[Source "ChessBase"]
[SourceQuality "1"]
[TimeControl "5400+30"]

1. e4 {[%emt 0:00:00]} c6 {[%emt 0:11:54]} 2. d4 {[%emt 0:00:00]} d5 {[%emt 0:00:04]} 3. Nc3 {[%emt 0:00:00]} dxe4 {[%emt 0:00:04]} 4. Nxe4 {[%emt 0:00:00]} Nd7 {[%emt 0:01:06]} 5. Nf3 {[%emt 0:00:10]} Ngf6 {[%emt 0:00:08]} 6. Bd3 {[%emt 0:00:24]} Nxe4 {[%emt 0:00:22]} 7. Bxe4 {[%emt 0:00:05]} Nf6 {[%emt 0:00:37]} 8. Bd3 {[%emt 0:00:08]} Bg4 {[%emt 0:04:45]} 9. c3 {[%emt 0:00:18]} Qd5 {[%emt 0:00:36]} 10. h3 {[%emt 0:03:08]} Bxf3 {[%emt 0:03:26]} 11. Qxf3 {[%emt 0:00:16]} Qxf3 {[%emt 0:00:04]} 12. gxf3 {[%emt 0:00:04]} e6 {[%emt 0:05:04]} 13. a4 {[%emt 0:03:13]} a5 {[%emt 0:00:17]} 14. Rg1 {[%emt 0:01:37]} g6 {[%emt 0:01:49]} 15. Bf4 {[%emt 0:02:25]} Nd5 {[%emt 0:05:24]} 16. Be5 {[%emt 0:04:45]} Rg8 {[%emt 0:06:01]} 17. O-O-O {[%emt 0:01:32]} Bg7 {[%emt 0:03:16]} 18. Bg3 {[%emt 0:02:13]} O-O-O {[%emt 0:00:52]} 19. Kc2 {[%emt 0:01:47]} Rd7 {[%emt 0:00:22]} 20. Bc4 {[%emt 0:01:49]} Rgd8 {[%emt 0:00:36]} 21. Rge1 {[%emt 0:05:05]} Bf6 {[%emt 0:04:51]} 22. Bb3 {[%emt 0:01:23]} Ne7 {[%emt 0:00:32]} 23. Kb1 {[%emt 0:02:08]} b6 {[%emt 0:02:16]} 24. Bc4 {[%emt 0:03:38]} Kb7 {[%emt 0:00:08]} 25. Kc2 {[%emt 0:00:22]} Nd5 {[%emt 0:01:20]} 26. Bd3 {[%emt 0:04:21]} Be7 {[%emt 0:01:36]} 27. Bc4 {[%emt 0:01:55]} Rg8 {[%emt 0:00:49]} 28. Kb1 {[%emt 0:01:13]} Bd8 {[%emt 0:00:51]} 29. Bb3 {[%emt 0:02:28]} Bc7 {[%emt 0:01:03]} 30. Bc4 {[%emt 0:01:59]} h6 {[%emt 0:00:19]} 31. Bb3 {[%emt 0:00:28]} Rgd8 {[%emt 0:02:16]} 32. Bh4 {[%emt 0:01:19]} Rg8 {[%emt 0:05:04]} 33. Bg3 {[%emt 0:00:56]} Ne7 {[%emt 0:00:11]} 34. Bc2 {[%emt 0:01:39]} Rf8 {[%emt 0:02:10]} 35. Bd3 {[%emt 0:03:59]} Nd5 {[%emt 0:00:32]} 36. Kc2 {[%emt 0:10:55]} Nf6 {[%emt 0:00:29]} 37. Rg1 {[%emt 0:01:43]} Nh5 {[%emt 0:00:29]} 38. Rde1 {[%emt 0:01:00]} Bd6 {[%emt 0:04:45]} 39. Bc4 {[%emt 0:03:45]} Kc7 {[%emt 0:02:47]} 40. Re2 {[%emt 0:03:43]} Rfd8 {[%emt 0:03:16]} 41. Bh4 {[%emt 0:04:28]} g5 {[%emt 0:01:07]} 42. Bg3 {[%emt 0:00:10]} Nf4 {[%emt 0:08:07]} 43. Bxf4 {[%emt 0:00:41]} Bxf4 {[%emt 0:00:05]} 44. Rd1 {[%emt 0:03:44]} e5 {[%emt 0:01:43]} 45. Rd3 {[%emt 0:02:05]} exd4 {[%emt 0:00:47]} 46. Rxd4 {[%emt 0:02:50]} Rxd4 {[%emt 0:00:13]} 47. cxd4 {[%emt 0:00:01]} Rxd4 {[%emt 0:00:10]} 48. Bxf7 {[%emt 0:00:06]} Rxa4 {[%emt 0:01:29]} 49. Re7+ {[%emt 0:00:13]} Kd8 {[%emt 0:02:01]} 50. Re6 {[%emt 0:01:04]} Rc4+ {[%emt 0:01:20]} 51. Kb1 {[%emt 0:01:29]} Rc1+ {[%emt 0:00:39]} 52. Ka2 {[%emt 0:00:05]} Rc2 {[%emt 0:03:10]} 53. Kb1 {[%emt 0:01:10]} Rc1+ {[%emt 0:01:48]} 54. Ka2 {[%emt 0:00:03]} Kc7 {[%emt 0:02:03]} 55. Re7+ {[%emt 0:00:42]} Kd6 {[%emt 0:00:07]} 56. Re6+ {[%emt 0:00:05]} Kc5 {[%emt 0:01:27]} 57. Rxh6 {[%emt 0:00:35]} b5 {[%emt 0:01:40]} 58. Re6 {[%emt 0:05:12]} a4 {[%emt 0:00:25]} 59. Re4 {[%emt 0:01:14]} Rc2 {[%emt 0:03:39]} 60. h4 {[%emt 0:00:40]} Rxf2 {[%emt 0:00:25]} 61. hxg5 {[%emt 0:01:39]} Bc1 {[%emt 0:00:06]} 62. Re5+ {[%emt 0:00:13]} Kb6 {[%emt 0:00:53]} 63. Kb1 {[%emt 0:00:21]} Bxb2 {[%emt 0:00:08]} 64. Re6 {[%emt 0:00:09]} Bd4 {[%emt 0:00:54]} 65. g6 {[%emt 0:05:47]} a3 {[%emt 0:00:47]} 66. Rd6 {[%emt 0:00:58]} Rb2+ {[%emt 0:00:41]} 67. Ka1 {[%emt 0:03:56]} Bg7 {[%emt 0:00:20]} 68. Bd5 {[%emt 0:01:00]} Rd2+ {[%emt 0:00:12]} 69. Kb1 {[%emt 0:00:05]} Rxd5 {[%emt 0:00:26]} 0-1

[Event "11th Chennai Open-GM 2019"]
[Site "Chennai"]
[Date "2019.01.24"]
[Round "9"]
[White "Predke, Alexandr"]
[Black "Vignesh N R"]
[Result "1/2-1/2"]
[WhiteElo "2620"]
[BlackElo "2461"]
[Annotator "TA"]
[PlyCount "67"]
[EventDate "2019.01.18"]
[EventType "swiss"]
[EventCountry "IND"]
[SourceTitle "playchess.com"]
[Source "ChessBase"]
[SourceQuality "1"]

{[%evp 17,67,22,34,10,22,16,25,15,19,7,22,22,16,18,22,0,12,1,4,7,15,15,15,10,16,15,17,10,4,5,12,12,12,0,0,0,0,0,3,4,0,0,0,0,11,8,8,0,0,0,8,0]} 1. Nf3 d5 2. g3 Nf6 3. Bg2 c6 4. c4 Bg4 5. Ne5 Be6 6. cxd5 Bxd5 7. Nf3 e5 {A11: English Opening: 1...c6} (7... c5 8. Nc3 Bc6 9. O-O e6 10. Re1 Nbd7 11. e4 e5 12. d3 Be7 13. Nh4 O-O 14. Nf5 Re8 15. f4 Bf8 {1-0 (57) Shimanov,A (2620)-Motylev,A (2661) Saint Louis 2018}) 8. Nc3 Bd6 9. O-O O-O {LiveBook: 5 Publish game on website} 10. Qc2 $146 ({You set blue moves yourself with the critical opening position annotation.:} 10. d3 h6 11. e4 Be6 12. d4 Nbd7 13. Qc2 Qc7 14. h3 Bc4 15. Rd1 {1-0 (30) Berczes,D (2476)-Macieja,B (2543) Dallas 2016}) 10... Bxf3 11. Bxf3 Nbd7 12. d3 Qe7 {The position is equal.} 13. Bd2 h6 14. Bg2 Rfe8 15. Rac1 a5 16. a3 Nc5 17. Na4 Nxa4 18. Qxa4 e4 19. dxe4 Nxe4 20. Be3 Bc5 21. Rc4 {[%cal Rc4e4]} b5 22. Rxe4 bxa4 23. Rxe7 {[%mdl 64] [#] NOTEXT-4836} Bxe7 24. Bxc6 Bf6 25. Bxa8 Rxa8 $11 {[%mdl 4096] General book An&V&L-An&V&L} 26. Rb1 Rb8 27. Kf1 Rb3 28. Bc1 Be7 29. Ra1 f5 30. Ke1 Bf6 31. Rb1 Be7 32. Ra1 Bf6 33. Rb1 Be7 34. Ra1 {NOTEXT-4805: Tournament = 53%, Annotator = 63%.} 1/2-1/2

[Event "11th Chennai Open-GM 2019"]
[Site "Chennai"]
[Date "2019.01.24"]
[Round "9"]
[White "Popov, Ivan"]
[Black "Aleksandrov, Aleksej"]
[Result "1/2-1/2"]
[WhiteElo "2588"]
[BlackElo "2582"]
[Annotator "TA"]
[PlyCount "61"]
[EventDate "2019.01.18"]
[EventType "swiss"]
[EventCountry "IND"]
[SourceTitle "playchess.com"]
[Source "ChessBase"]
[SourceQuality "1"]

{[%evp 14,61,-8,-6,18,0,28,21,18,-26,0,0,-11,0,0,-10,32,29,34,39,32,26,26,26,18,17,21,0,21,27,23,19,25,27,33,0,10,0,0,0,0,0,0,0,9,10,9,0,0,0]} 1. e4 e5 2. Nf3 Nc6 3. d4 exd4 4. Nxd4 Nf6 {[%cal Bg8f6,Bf6d5,Bd5b4][%mdl 32]} 5. Nxc6 bxc6 6. e5 Qe7 7. Qe2 Nd5 8. h4 Bb7 {C45: Scotch Game} 9. Bd2 $146 ({You set blue moves yourself with the critical opening position annotation.:} 9. c4 Nb6 10. Rh3 Qe6 11. f4 O-O-O 12. a4 d5 13. a5 Nxc4 14. b3 Bb4+ 15. Kf2 Nxa5 16. Bd2 {½-½ (73) Nakamura,H (2781)-Carlsen,M (2837) London 2017}) 9... Nb4 10. Na3 Qe6 11. Rh3 Be7 12. c3 Nd5 13. Nc2 {[#] Hoping for &Wd4.} c5 14. c4 Nb6 15. O-O-O O-O-O 16. b3 Rhe8 17. Bc3 d5 18. exd6 $1 Bxd6 19. Qxe6+ Rxe6 20. Kb2 Be5 21. Rhd3 Rxd3 22. Bxd3 {[#] Black must now prevent &Lf5.} Bxc3+ 23. Kxc3 {And now &Lf5 would win.} g6 24. Ne3 Nd7 {The position is equal.} 25. h5 Nf6 26. hxg6 hxg6 27. Rh1 Kd7 28. Rh8 Ne4+ 29. Bxe4 $1 Bxe4 30. Rf8 Ke7 31. Rc8 {NOTEXT-4805: Tournament = 43%, Annotator = 67%.} 1/2-1/2